|
|
|
|
| LEADER |
00000ckm a2200000 a 4500 |
| 001 |
vtls001233364 |
| 003 |
SK-MaSNL |
| 005 |
20260331203346.0 |
| 007 |
kf co |
| 008 |
230718s1987 xo g 0kuslo |
| 015 |
|
|
|a SNBG1987
|
| 035 |
|
|
|a SNK000180372
|
| 035 |
|
|
|a urn:nbn:sk:snk-km3lvvo
|
| 035 |
|
|
|a 67B68FC9-8EF7-481A-B0B1-6C883C572481
|
| 035 |
|
|
|a urn:nbn:sk:snk-km00drsy
|
| 040 |
|
|
|a SNK
|b slo
|c SNK
|e AACR2
|
| 041 |
0 |
|
|a slo
|
| 043 |
|
|
|a e-xo---
|
| 044 |
|
|
|a xo
|c SK
|
| 072 |
|
7 |
|a 913
|x Regionálna geografia
|2 konspekt
|
| 080 |
|
|
|a 908.437.656(084.121)
|2 1981
|
| 080 |
|
|
|a 913(437.6)
|2 2011
|
| 080 |
|
|
|a (084.121)
|2 2011
|
| 080 |
|
|
|a 711.455:615.838
|2 2011
|
| 080 |
|
|
|a 712.253
|2 2011
|
| 080 |
|
|
|a 725.948
|2 2011
|
| 100 |
1 |
|
|a Čeněk, J.
|c (fotograf)
|4 pht
|9 302958
|
| 245 |
1 |
0 |
|a Kúpele Sliač
|h grafika
|b fontána : park : riaditeľstvo kúpeľov
|c foto: J. Čeněk, M. Šmátrala ; výtvarný návrh: S. Štubňa
|
| 246 |
1 |
|
|i Názov na obrazovej časti:
|a Sliač
|
| 260 |
|
|
|a Bratislava
|b ČSTK-Pressfoto
|c 1987
|e Skalica
|f Grafobal
|
| 300 |
|
|
|a 1 pohľadnica (3 čiastkové pohľady)
|b farebná
|c 11 x 15 cm
|
| 520 |
8 |
|
|a Zobrazenie: Na striebornom podklade v bielom orámovaní pohľady na fontánu v parku pred liečebným domom, park a administratívnu budovu riaditeľstva kúpeľov
|
| 610 |
2 |
7 |
|a Kúpele Sliač (Slovensko)
|2 SNKKA
|9 174835
|
| 650 |
0 |
7 |
|a kúpele
|2 SNKPH
|9 1139
|
| 650 |
0 |
7 |
|a parky
|2 SNKPH
|9 2942
|
| 650 |
0 |
7 |
|a fontány
|2 SNKPH
|9 3014
|
| 651 |
|
7 |
|a Sliač (Slovensko)
|2 SNKPHgeo
|9 17143
|
| 655 |
|
7 |
|a miestne pohľadnice
|2 SNKPH
|9 70510
|
| 700 |
1 |
|
|a Šmátrala, Milan
|c (fotograf)
|4 pht
|9 164919
|
| 700 |
1 |
|
|a Štubňa, Stanislav
|c (grafik)
|4 art
|9 283307
|
| 852 |
|
|
|a Slovenská národná knižnica
|
| 954 |
|
|
|a pohľadnice pôvodné (slovenské)
|2 lita
|
| 954 |
|
|
|a pohľadnice cudzojazyčné (svetové)
|2 lita
|
| 958 |
|
|
|a GBN
|
| 958 |
|
|
|a TL
|
| 958 |
|
|
|a GC
|
| 958 |
|
|
|a OND
|
| 958 |
|
|
|a EUIPO
|
| 999 |
|
|
|c 602811
|d 604741
|
| 952 |
|
|
|a SNK
|b SNK
|y PREZ
|7 0
|p 17A1297449
|o snkSP 138231
|i snk1659/87
|0 0
|1 0
|4 0
|d 2018-12-04
|f 1
|l 0
|r 2026-02-23 15:59:35
|w 2026-02-23
|
| 952 |
|
|
|a SNK
|b SNK
|y PREZ
|7 0
|p 17A1297462
|o snkSP 138231 D1
|i snk1660/87
|0 0
|1 0
|4 0
|d 2018-12-04
|l 0
|r 2026-02-23 15:59:35
|w 2026-02-23
|